| 000 | 01054nam a2200193 a 4500 | ||
|---|---|---|---|
| 090 |
_aIAVH _b00765 CD-1 |
||
| 041 | _aspa | ||
| 100 |
_aMorales Rivas, Mónica _95324 |
||
| 110 |
_bCorporación Autónoma Regional de Cundinamarca, CAR _992546 |
||
| 245 | _aEstudio preliminar de análisis de representatividad ecosistémica de las áreas protegidas en jurisdicción de la CAR | ||
| 260 |
_aBogotá _bCAR _bInstituto Alexander von Humboldt _c2004 |
||
| 300 | _a65 p. | ||
| 520 | _aEn la primera parte se hace una revisión del tema de representatividad, del marco conceptual de este trabajo y de la metodología utilizada. En la segunda parte se presenta una síntesis de los resultados alcanzados incluyendo tablas, gráficos y mapas, éstos últimos en el anexo de este informe. | ||
| 650 |
_aBiodiversidad _992204 |
||
| 650 |
_aConservación _992401 |
||
| 662 |
_aColombia _bCundinamarca |
||
| 700 |
_aArmenteras Pascual, Dolors _95892 |
||
| 773 | 0 |
_05986 _99704 _a _b _dBogotá Informatica documental 2007 _o024802 _tInformes de investigaciones IAVH en PDF _w _x _z |
|
| 999 |
_c6045 _d6045 |
||